| 000 | 00427nam a2200157 4500 | ||
|---|---|---|---|
| 001 | 118930 | ||
| 003 | ES-MaACL | ||
| 005 | 20230906191215.0 | ||
| 007 | t| | ||
| 008 | 070214s1914 sp r ||||1| spa d | ||
| 100 | 1 |
_aPicabia, Juan Héctor. _991766 |
|
| 245 | 1 | 3 |
_aLa mano del Doctor X / _cJuan Héctor Picabia. |
| 260 |
_aMadrid : _bJosé F. Zabala, _c1914. |
||
| 300 |
_a242 p. ; _c19 x 13 cm. |
||
| 852 |
_aES-MaACL _jF-1927 |
||
| 999 |
_c118930 _d118930 |
||